[Event "RUS-ch rapid"]
[Site "Sochi"]
[Date "2019.10.15"]
[Round "1"]
[White "Tsydypov, Zhamsaran"]
[Black "Esipenko, Aleksandr"]
[Result "1-0"]
[WhiteElo "2671"]
[BlackElo "2117"]
[PlyCount "75"]
[EventDate "2019.10.15"]
[EventType "swiss"]
[EventRounds "11"]
[EventCountry "RUS"]
[SourceTitle "CBM 192 Extra"]
[Source "Chessbase"]
[SourceDate "2019.11.06"]
[SourceVersion "1"]
[SourceVersionDate "2019.11.06"]
[SourceQuality "1"]

1. c4 e5 2. g3 Nc6 3. Bg2 g6 4. Nc3 Bg7 5. e3 Nge7 6. Nge2 0-0 7. 0-0 d6 8. d3 Be6 9. Nd5 Qd7 10. Nec3 a6 11. Qa4 Rab8 12. Rb1 Rfc8 13. b4 Kh8 14. Re1 Bh3 15. Bxh3 Qxh3 16. b5 axb5 17. cxb5 Ra8 18. Qc2 Nxd5 19. Nxd5 Na5 20. Bd2 b6 21. Ne7 Re8 22. Qxc7 Qe6 23. Qxb6 Reb8 24. Qc7 Rb7 25. Bxa5 Rxc7 26. Bxc7 Qxe7 27. b6 Re8 28. Rec1 h5 29. b7 h4 30. Bxd6 Qe6 31. Rc8 Rxc8 32. bxc8Q+ Qxc8 33. Rb8 Qxb8 34. Bxb8 hxg3 35. hxg3 Bf8 36. Bxe5+ Kg8 37. a4 Bb4 38. Bc7 1-0

[Event "Adygea blitz op"]
[Site "Maikop"]
[Date "2019.05.04"]
[Round "5"]
[White "Esipenko, Aleksandr"]
[Black "Eraschenkov, Denis"]
[Result "0-1"]
[WhiteElo "2043"]
[BlackElo "2391"]
[PlyCount "80"]
[EventDate "2019.05.04"]
[EventType "swiss (blitz)"]
[EventRounds "11"]
[EventCountry "RUS"]
[SourceTitle "CBM 190 Extra"]
[Source "ChessBase"]
[SourceDate "2019.07.15"]
[SourceVersion "1"]
[SourceVersionDate "2019.07.15"]
[SourceQuality "1"]

1. e4 e6 2. d4 d5 3. e5 c5 4. c3 Nc6 5. Nf3 Qb6 6. a3 Nh6 7. b4 cxd4 8. cxd4 Nf5 9. Be3 f6 10. exf6 gxf6 11. Nc3 Nxe3 12. fxe3 Bh6 13. Qd3 0-0 14. Be2 Bd7 15. 0-0 Ne7 16. e4 dxe4 17. Nxe4 Nd5 18. Nc5 Rad8 19. Rfe1 Nf4 20. Qc2 Kh8 21. Bd3 Rg8 22. g3 Bc6 23. Be4 Nh3+ 24. Kg2 Nf4+ 25. Kh1 f5 26. Bxc6 Qxc6 27. Qf2 Ng6 28. Rxe6 Qd5 29. Rae1 b6 30. Nd3 Bg7 31. Nf4 Nxf4 32. gxf4 Bxd4 33. Qe2 Bc3 34. Rf1 a5 35. bxa5 bxa5 36. h3 Rb8 37. Rd1 Qa8 38. Qd3 Bg7 39. Re2 Rbd8 40. Qc2 Qxf3+ 0-1

[Event "Adygea rapid op"]
[Site "Maikop"]
[Date "2019.05.03"]
[Round "7"]
[White "Esipenko, Aleksandr"]
[Black "Baranov, Grigory"]
[Result "1-0"]
[WhiteElo "2043"]
[BlackElo "2319"]
[PlyCount "67"]
[EventDate "2019.05.02"]
[EventType "swiss (rapid)"]
[EventRounds "9"]
[EventCountry "RUS"]
[SourceTitle "CBM 190 Extra"]
[Source "ChessBase"]
[SourceDate "2019.07.15"]
[SourceVersion "1"]
[SourceVersionDate "2019.07.15"]
[SourceQuality "1"]

1. e4 e6 2. d4 d5 3. e5 c5 4. c3 Qb6 5. a3 Bd7 6. Nf3 Nc6 7. b4 cxd4 8. cxd4 Rc8 9. Be3 Nh6 10. Bd3 Ng4 11. 0-0 Be7 12. Nbd2 Nb8 13. Nb3 Ba4 14. Qb1 Bxb3 15. Qxb3 0-0 16. Bd2 Nc6 17. Qb2 f5 18. exf6 Bxf6 19. Bc3 Nh6 20. Rae1 Rfe8 21. Qd2 a6 22. h3 Nf7 23. Re2 e5 24. dxe5 Ncxe5 25. Nxe5 Nxe5 26. Bxe5 Rxe5 27. Rxe5 Bxe5 28. Bxa6 Bd4 29. Bxb7 Bxf2+ 30. Qxf2 Qxb7 31. Qf5 Re8 32. Rd1 Rd8 33. Qe5 Qa7+ 34. Kh2 1-0

[Event "Adygea rapid op"]
[Site "Maikop"]
[Date "2019.05.03"]
[Round "9"]
[White "Esipenko, Aleksandr"]
[Black "Gochelashvili, David"]
[Result "0-1"]
[WhiteElo "2043"]
[BlackElo "2392"]
[PlyCount "142"]
[EventDate "2019.05.02"]
[EventType "swiss (rapid)"]
[EventRounds "9"]
[EventCountry "RUS"]
[SourceTitle "CBM 190 Extra"]
[Source "ChessBase"]
[SourceDate "2019.07.15"]
[SourceVersion "1"]
[SourceVersionDate "2019.07.15"]
[SourceQuality "1"]

1. e4 c5 2. Nf3 d6 3. Bb5+ Nd7 4. 0-0 Ngf6 5. Re1 e5 6. c3 a6 7. Bd3 Be7 8. Bc2 0-0 9. d4 Re8 10. Nbd2 b5 11. Nf1 g6 12. Bg5 cxd4 13. cxd4 Bb7 14. h3 Nh5 15. Bxe7 Qxe7 16. d5 Rec8 17. Rc1 a5 18. Qd2 b4 19. Qh6 f6 20. N1h2 Nc5 21. Ng4 Rc7 22. Rcd1 Ba6 23. Nh4 Qg7 24. Qe3 Nf4 25. Qf3 Rf8 26. Nh2 Qh6 27. Qg4 Be2 28. Nf5 Qh5 29. Qxh5 Bxh5 30. Nxd6 Bxd1 31. Rxd1 Ne2+ 32. Kf1 Nd4 33. Bb1 Na4 34. b3 Nb2 35. Re1 Rd8 36. Nc4 Nxc4 37. bxc4 Rxc4 38. Ng4 Kg7 39. Ne3 Rc3 40. Rd1 a4 41. Ke1 Kf7 42. Kd2 Ke7 43. Bd3 Ra3 44. Bb1 Rc8 45. g3 b3 46. axb3 Rxb3 47. Bd3 Rb2+ 48. Ke1 Nf3+ 49. Kf1 Rd2 50. Ra1 Nh2+ 51. Kg2 Rxd3 52. Rxa4 Rxe3 53. Ra7+ Ke8 54. fxe3 Rc2+ 55. Kg1 Nf3+ 56. Kf1 Ng5 57. g4 h5 58. Rg7 h4 59. Rxg6 Kf7 60. Rh6 Nxh3 61. Rxh4 Ng5 62. Rh8 Nxe4 63. Ra8 Rd2 64. Ra4 Nc3 65. Rc4 Nxd5 66. Ke1 Rg2 67. Re4 Kg6 68. Kf1 Rb2 69. Kg1 Kg5 70. Kf1 Kh4 71. Ke1 Ra2 0-1